000 00685nam a2200289Ia 4500
005 20260324143650.0
008 008 260324s9999 xx 000 0 eng d
020 _a9780203043585
037 _aEBOOK
040 _aCRL
040 _beng
040 _cCRL
041 _2eng
041 _aeng
084 _qCRL
100 _aColonel David M. Glantz
_91216478
245 0 _aSoviet Military Operational Art
245 0 _bIn Pursuit of Deep Battle
260 _bTaylor and Francis
260 _c1991
365 _a
365 _b265
856 _uhttp://www.taylorfrancis.com/books/9780203043585
942 _cEBOOK
999 _c1822139
_d1822139